Les meilleurs couleurs - Statistiques

Statistiques générales
  • Ce quiz a été pris 201 fois
  • Le résultat moyen est 9 sur 10
Statistiques - réponses
Nombre Couleur % Correct
2 Bleu
100%
6 Jaune
99%
1 Vert
99%
4 Doré
97%
3 Rouge
97%
5 Rose
95%
9 Violet
95%
8 Orange
92%
7 Argenté
75%
10 Gris
71%
Aucun quiz correspondant
Distribution des résultats
% des personnes avec chaque résultat
Percentile par nombre de réponses
Votre historique - résultats
Vous n’avez pas pris ce quiz